Historical Figures by the letter "A". - Statistics

General Stats
  • This quiz has been taken 39 times
  • The average score is 10 of 15
Answer Stats
Hint Answer % Correct
Boxer famous for the phrase "float like a butterfly sting like a bee". Muhammad Ali
97%
King of Macedon known for conquering the Persian Empire Alexander the Great
88%
First Emperor of Rome Augustus
88%
19th century author who penned "Pride and Prejudice". Jane Austen
88%
Mythical King of Britain King Arthur
88%
Greek Slave known for his fables Aesop
79%
Husband of Queen Victoria Prince Albert
79%
Chicago Mobster During the Prohibition Al Capone
76%
Hunnic King who only lost one Battle Attila the Hun
76%
founder of modern day Turkey Kemal Ataturk
74%
Patron Saint of Scotland St. Andrew
71%
American revolutionary and president John Adams
68%
Post World War II Chancellor of Germany Konrad Adenauer
41%
Greek writer known as the "father of tragedy" Aeschylus
9%
First king of England Athelstan
9%
No matching quizzes found
Score Distribution
Percent of People with Each Score
Percentile by Number Answered
Your Score History
You have not taken this quiz